| 000 | 00564nam a2200193Ia 4500 | ||
|---|---|---|---|
| 001 | 10200 | ||
| 008 | 140328s9999 xx 000 0 und d | ||
| 020 | _a0-669-12337-4 | ||
| 040 | _cPK-LaUMT | ||
| 082 |
_a 616.85227 _bMIL-C |
||
| 100 | _aMilkman, Harvey B. | ||
| 245 |
_aCraving ecstasy : The consciousness and chemistry of escape _cMilkman, Harvey B.<>Compulsive behaviour<>Sunderwirth, Stanley G., J.A. |
||
| 260 | _c1987 | ||
| 300 | _a222 p. | ||
| 546 | _aEN | ||
| 650 | _aCompulsive behaviour | ||
| 700 | _aSunderwirth, Stanley G., J.A. | ||
| 942 | _cBK | ||
| 999 |
_c11227 _d11227 |
||